000 01000nam a2200277Ia 4500
001 Para_10364
003 CHAP
008 220125sDici xx 000 0 und d
010 _a209040
040 _cCHAP
090 _aPA CD - TESIS 393
100 _aMontero Millán, Marlen Elena
_9129106
245 _aIdentificación de enfermedades fungosas en bulbos de lilis (Lilium spp.) en Villa Guerrero, Estado de México /
_c Marlen Elena Montero Millán; Director Santos Gerardo Leyva Mir
260 _aChapingo, Méx. :
_b el autor
300 _a1 CDS ROM (45 p.)
502 _aTesis (Ing. Agr. Esp. en Parasitología Agrícola). UACh. Departamento Parasitología Agrícola
700 _aLeyva Mir, Santos Gerardo. Director
_9171335
710 _aUACh Departamento Parasitología Agrícola
901 _aPA CD - TESIS 393
902 _aM
905 _a513220Diciembre, 2014 an 8100000000 06
910 _aDici
942 _cPARA
942 _cPARA
_d2
999 _c209040
_d209040